Lyon City Trivia - Statistics

General Stats
  • This quiz has been taken 265 times
  • The average score is 8 of 18
Answer Stats
Hint Answer % Correct
Lyon is located at the confluence of these two rivers Rhône
92%
International police organization that is headquartered in Lyon Interpol
83%
Famous festival that draws 3-4 million visitors each December to Lyon Festival of {Lights}
77%
The Lumière brothers invented this, the silver screen, in Lyon Cinema
75%
Name of the top men's football club of Lyon {Olympique} Lyonnais
72%
Lyon is located at the confluence of these two rivers Saône
64%
Lyon is considered France's capital of this luxury fabric, for its history with it Silk
58%
Pan-European news outlet headquartered in Lyon {Euro}news
54%
The above was considered the capital of this region of the Roman Empire Gaul
48%
Nickname of German Nazi, Klaus Barbie, torturer of prisoners of the Gestapo {Butcher} of Lyon
44%
Most famous basilica in Lyon Notre-Dame de{Fourvière}
43%
Roman provincial capital where two Roman emperors were born (located within Lyon) Lugdunum
39%
It is also the HQ of the "International Agency for Research" on this group of diseases Cancer
27%
Name one of those Roman emperors born in modern-day Lyon Claudius | Caracalla
13%
Famous sculptor who made a fountain for Lyon, shortly after completing the Statue of Liberty, and named it after himself Frédéric Auguste {Bartholdi}
13%
Video game company that was founded in Lyon in 1983 Atari
7%
Lyon was also the capital of the kingdom of these Germanic tribes Burgundians
6%
In the English-speaking world, Lyon is the chief herald of this country Scotland
1%
No matching quizzes found
Score Distribution
Percent of People with Each Score
Percentile by Number Answered
Your Score History
You have not taken this quiz